000 01092nam0a22003011 4500
001 rc\3818641
005 20250530062257.0
021 _aRU
_b75-55244
021 _aRU
_bРг15531-75
035 _a(NLR Aleph) 007269052
090 _a5389531
_c5389531
100 _a20120410d1975 |||y0rusy50 ca
101 0 _arus
_ager
102 _aRU
_aRU
105 _abg j |||||
200 1 _aКнига для учителя к Учебнику немецкого языка для VII класса школ с узбекским языком обучения
210 _aТашкент
_cУкитувчи
_d1975
215 _a108 с.
_cкарт., нот.
_d21
300 _aНа обл. авт. не указаны
300 _aНа обл. загл. также на нем. яз.: Buch des lehrers
512 0 _aBuch des lehrers
700 1 _aУрманова
_bМ.И.
_gМарлен Ивановна
701 1 _aБеньяминов
_bЯ.Р.
_gЯкуб Рахминович
801 0 _aRU
_bNLR
_gpsbo
801 1 _aRU
_bELAR
_2rusmarc
852 _aNLR
_j75-3/6578
942 _cBOOK
980 _aNB